[Event "Arandjelovac ASK-3 FM"]
[Site "Arandjelovac"]
[Date "2021.12.23"]
[Round "7"]
[White "Jovanovic, Sasa M"]
[Black "Brkljaca, Ante"]
[Result "1/2-1/2"]
[WhiteElo "2169"]
[BlackElo "2244"]
[PlyCount "30"]
[EventDate "2021.12.19"]
[EventType "tourn"]
[EventRounds "10"]
[EventCountry "SRB"]
[SourceTitle "EXT 2023"]
[Source "ChessBase"]
[SourceDate "2022.10.05"]
[SourceVersion "1"]
[SourceVersionDate "2022.10.05"]
[SourceQuality "1"]

1. d4 d5 2. c4 e6 3. Nc3 Nf6 4. cxd5 exd5 5. Nf3 Be7 6. Bf4 c6 7. e3 0-0 8. Bd3 Re8 9. 0-0 Nbd7 10. Qc2 Nf8 11. h3 g6 12. Rab1 a5 13. a3 Nh5 14. Bh2 Ng7 15. Ne5 Bf5 1/2-1/2

[Event "Arandjelovac ASK-3 FM"]
[Site "Arandjelovac"]
[Date "2021.12.23"]
[Round "8"]
[White "Sredojevic, Ivan"]
[Black "Jovanovic, Sasa M"]
[Result "1-0"]
[WhiteElo "2292"]
[BlackElo "2169"]
[PlyCount "49"]
[EventDate "2021.12.19"]
[EventType "tourn"]
[EventRounds "10"]
[EventCountry "SRB"]
[SourceTitle "EXT 2023"]
[Source "ChessBase"]
[SourceDate "2022.10.05"]
[SourceVersion "1"]
[SourceVersionDate "2022.10.05"]
[SourceQuality "1"]

1. e4 c5 2. Nf3 Nc6 3. d4 cxd4 4. Nxd4 Nf6 5. Nc3 e5 6. Ndb5 d6 7. Bg5 a6 8. Na3 b5 9. Nd5 Be7 10. Bxf6 Bxf6 11. c3 0-0 12. Nc2 Bg5 13. a4 bxa4 14. Rxa4 f5 15. exf5 Bxf5 16. h4 Bh6 17. g4 Bxc2 18. Qxc2 Bf4 19. Qe4 Ne7 20. Bc4 Kh8 21. Bd3 g6 22. h5 Kg7 23. hxg6 hxg6 24. Nxe7 Qxe7 25. Qxg6# 1-0

[Event "Arandjelovac ASK-3 FM"]
[Site "Arandjelovac"]
[Date "2021.12.21"]
[Round "4"]
[White "Jovanovic, Sasa M"]
[Black "Popovic, Nenad"]
[Result "1-0"]
[WhiteElo "2169"]
[BlackElo "2261"]
[PlyCount "82"]
[EventDate "2021.12.19"]
[EventType "tourn"]
[EventRounds "10"]
[EventCountry "SRB"]
[SourceTitle "EXT 2023"]
[Source "ChessBase"]
[SourceDate "2022.10.05"]
[SourceVersion "1"]
[SourceVersionDate "2022.10.05"]
[SourceQuality "1"]

1. e4 c6 2. d4 d5 3. f3 e6 4. Be3 Nd7 5. Nd2 Ne7 6. Bd3 g6 7. Ne2 Bg7 8. c3 e5 9. Qb3 0-0 10. 0-0-0 exd4 11. Bxd4 Bh6 12. exd5 Nxd5 13. Kb1 Bxd2 14. Rxd2 Qg5 15. f4 Qxg2 16. Rg1 Qxh2 17. f5 Ne5 18. Be4 Nf6 19. fxg6 Bg4 20. gxh7+ Kh8 21. Rxg4 Nxe4 22. Rc2 Rae8 23. Qxb7 Qxh7 24. Ng3 Nd2+ 25. Kc1 Ndf3 26. Re2 Nxd4 27. Rxd4 Nf3 28. Rde4 Qh6+ 29. Kc2 Rd8 30. Qxa7 Qd6 31. b4 Qxg3 32. Qe3 Qh3 33. Rf2 f5 34. Re6 f4 35. Qxf3 Qxe6 36. Qh5+ Kg7 37. Rg2+ Kf6 38. Rg6+ Ke7 39. Qc5+ Rd6 40. Rxe6+ Kxe6 41. Qh5 Rd5 1-0

[Event "Arandjelovac IM 2nd"]
[Site "Arandjelovac"]
[Date "2021.04.14"]
[Round "7"]
[White "Dev, Shah"]
[Black "Jovanovic, Sasa M"]
[Result "1-0"]
[WhiteElo "2298"]
[BlackElo "2208"]
[PlyCount "69"]
[EventDate "2021.04.10"]
[EventType "tourn"]
[EventRounds "9"]
[EventCountry "SRB"]
[SourceTitle "CBM 201 Extra"]
[Source "ChessBase"]
[SourceDate "2021.05.31"]
[SourceVersion "1"]
[SourceVersionDate "2021.05.31"]
[SourceQuality "1"]

1. d4 Nf6 2. c4 c5 3. d5 b5 4. cxb5 a6 5. bxa6 Bxa6 6. Nc3 g6 7. e4 Bxf1 8. Kxf1 d6 9. Nf3 Bg7 10. g3 Nbd7 11. Kg2 0-0 12. a4 Ng4 13. Qe2 Qa5 14. Bd2 Rfb8 15. Nb5 Qa6 16. Bc3 Bxc3 17. bxc3 Nb6 18. a5 Nxd5 19. c4 Nb4 20. Nc7 Qc6 21. Nxa8 Rxa8 22. Ne1 f5 23. Nd3 Nf6 24. Nxb4 cxb4 25. f3 fxe4 26. Rhe1 Qc5 27. fxe4 Rxa5 28. Rxa5 Qxa5 29. e5 dxe5 30. Qxe5 Qa2+ 31. Qe2 Qa8+ 32. Kg1 b3 33. Qe6+ Kh8 34. Qxe7 Qf3 35. Qf8+ 1-0

[Event "SRB-chT 1st League"]
[Site "Banja Vrujci"]
[Date "2017.09.20"]
[Round "6.1"]
[White "Jovanovic, Sasa M"]
[Black "Ostojic, Nikola"]
[Result "0-1"]
[WhiteElo "2248"]
[BlackElo "2422"]
[PlyCount "64"]
[EventDate "2017.09.16"]
[EventType "team"]
[EventRounds "11"]
[EventCountry "SRB"]
[SourceTitle "CBM 180 Extra"]
[Source "ChessBase"]
[SourceDate "2017.10.06"]
[SourceVersion "1"]
[SourceVersionDate "2017.10.06"]
[SourceQuality "1"]
[WhiteTeam "Arandjelovac"]
[BlackTeam "Vladimirci"]
[WhiteTeamCountry "SRB"]
[BlackTeamCountry "SRB"]

1. e4 c5 2. Nc3 Nc6 3. g3 g6 4. Bg2 Bg7 5. d3 d6 6. f4 e6 7. Be3 Nge7 8. Nf3 0-0 9. 0-0 b6 10. d4 Ba6 11. Rf2 d5 12. Rd2 Na5 13. b3 Rc8 14. Ne5 cxd4 15. Bxd4 f6 16. Ng4 h5 17. exd5 hxg4 18. dxe6 Qe8 19. Nd5 Nac6 20. Bb2 Nxd5 21. Bxd5 Ne7 22. Bg2 Rc6 23. Qe1 Bc8 24. Re2 f5 25. Bxg7 Kxg7 26. Bxc6 Qxc6 27. Qb4 Nd5 28. Qd4+ Nf6 29. e7 Re8 30. Rd1 Bb7 31. Rd3 Qh1+ 32. Kf2 Kf7 0-1

[Event "SRB-chT 1st League"]
[Site "Banja Vrujci"]
[Date "2017.09.20"]
[Round "7.1"]
[White "Mijailovic, Zoran"]
[Black "Jovanovic, Sasa M"]
[Result "1-0"]
[WhiteElo "2409"]
[BlackElo "2248"]
[PlyCount "83"]
[EventDate "2017.09.16"]
[EventType "team"]
[EventRounds "11"]
[EventCountry "SRB"]
[SourceTitle "CBM 180 Extra"]
[Source "ChessBase"]
[SourceDate "2017.10.06"]
[SourceVersion "1"]
[SourceVersionDate "2017.10.06"]
[SourceQuality "1"]
[WhiteTeam "Despotovac Sloga"]
[BlackTeam "Arandjelovac"]
[WhiteTeamCountry "SRB"]
[BlackTeamCountry "SRB"]

1. d4 Nf6 2. c4 c5 3. d5 b5 4. cxb5 a6 5. e3 g6 6. Nc3 Bg7 7. e4 d6 8. Nf3 0-0 9. a4 axb5 10. Bxb5 Ba6 11. Bf4 Qa5 12. 0-0 Qb4 13. Qc2 Nbd7 14. Bd2 Bxb5 15. axb5 Ng4 16. Bg5 Bf6 17. Bxf6 exf6 18. Rfb1 Nge5 19. Nxe5 fxe5 20. Qe2 c4 21. Ra6 Rxa6 22. bxa6 Ra8 23. Ra1 Nc5 24. a7 Kg7 25. g3 h6 26. h4 h5 27. Ra2 Qb3 28. Ra3 Qb4 29. Kf1 f6 30. Ra2 Kf7 31. Kg1 Kg7 32. g4 Nd3 33. gxh5 Qb6 34. hxg6 Rxa7 35. Rxa7+ Qxa7 36. Nd1 Qd4 37. h5 f5 38. Qe3 f4 39. Qh3 Kh6 40. Qc8 Qxe4 41. Qh8+ Kg5 42. g7 1-0

[Event "SRB-chT 1st League"]
[Site "Banja Vrujci"]
[Date "2017.09.19"]
[Round "5.1"]
[White "Kojovic, Dragan"]
[Black "Jovanovic, Sasa M"]
[Result "1-0"]
[WhiteElo "2381"]
[BlackElo "2248"]
[PlyCount "143"]
[EventDate "2017.09.16"]
[EventType "team"]
[EventRounds "11"]
[EventCountry "SRB"]
[SourceTitle "CBM 180 Extra"]
[Source "ChessBase"]
[SourceDate "2017.10.06"]
[SourceVersion "1"]
[SourceVersionDate "2017.10.06"]
[SourceQuality "1"]
[WhiteTeam "Gornji Milanovac Metalac"]
[BlackTeam "Arandjelovac"]
[WhiteTeamCountry "SRB"]
[BlackTeamCountry "SRB"]

1. e4 d5 2. exd5 Nf6 3. d4 Qxd5 4. Nc3 Qa5 5. Bd2 c6 6. Nf3 Bg4 7. h3 Bh5 8. g4 Bg6 9. Ne5 Nfd7 10. Nc4 Qc7 11. Qf3 e6 12. Bf4 Qd8 13. 0-0-0 Be7 14. Nd6+ Bxd6 15. Bxd6 Nb6 16. Qg3 Nd5 17. Nxd5 cxd5 18. Qe5 Kd7 19. Bxb8 Qxb8 20. Bb5+ Ke7 21. Qg5+ f6 22. Qe3 Qc7 23. Bd3 Rac8 24. Kb1 Bxd3 25. Qxd3 b5 26. Rhe1 b4 27. Rd2 Qb6 28. Rde2 Rc6 29. f4 Kf7 30. h4 Re8 31. Qxh7 Qxd4 32. Qh5+ Ke7 33. f5 e5 34. Qg6 Kd7 35. Qxg7+ Re7 36. Qg8 Re8 37. Qg6 a5 38. g5 e4 39. gxf6 Rxf6 40. Qg5 Qe5 41. Qe3 Rxf5 42. Qb6 Qc7 43. Qb5+ Qc6 44. Qxa5 Rf4 45. Rd1 Re5 46. Qxb4 Rxh4 47. Qd4 Ke6 48. Rg2 Rh6 49. Qa7 Qd7 50. Qa6+ Qd6 51. Qc8+ Qd7 52. Qf8 Rf6 53. Qg8+ Qf7 54. Qg4+ Kd6 55. c4 Rf1 56. Qg6+ Kc7 57. Qxf7+ Rxf7 58. cxd5 Rd7 59. Rc2+ Kd6 60. Rd4 Rde7 61. Rc6+ Kd7 62. Ra6 e3 63. Ra7+ Kd6 64. Rxe7 Rxe7 65. Rd1 e2 66. Re1 Kxd5 67. Kc2 Kd4 68. Kd2 Ra7 69. Ra1 Re7 70. b3 Kc5 71. Rc1+ Kb4 72. Ke1 1-0

[Event "SRB-chT 1st League"]
[Site "Kragujevac"]
[Date "2016.09.15"]
[Round "8.6"]
[White "Jovanovic, Sasa M"]
[Black "Blesic, Vaso"]
[Result "0-1"]
[WhiteElo "2244"]
[BlackElo "2350"]
[PlyCount "90"]
[EventDate "2016.09.10"]
[EventType "team-tourn"]
[EventRounds "11"]
[EventCountry "SRB"]
[SourceTitle "CBM 174 Extra"]
[Source "ChessBase"]
[SourceDate "2016.10.10"]
[SourceVersion "1"]
[SourceVersionDate "2016.10.10"]
[SourceQuality "1"]
[WhiteTeam "Arandjelovac"]
[BlackTeam "Ub"]
[WhiteTeamCountry "SRB"]
[BlackTeamCountry "SRB"]

1. e4 c5 2. Nc3 Nc6 3. g3 g6 4. Bg2 Bg7 5. d3 d6 6. f4 Nf6 7. h3 0-0 8. g4 Rb8 9. Nge2 Ne8 10. f5 b5 11. 0-0 Nc7 12. Ng3 b4 13. Nd5 Be5 14. Bh6 Bxb2 15. Bxf8 Kxf8 16. Rb1 Bg7 17. g5 Nxd5 18. exd5 Nd4 19. Be4 Kg8 20. c3 gxf5 21. cxd4 fxe4 22. Qh5 Bxd4+ 23. Kh1 Qf8 24. Nxe4 Bd7 25. Rf3 Qg7 26. Rbf1 Rf8 27. Nf6+ exf6 28. gxf6 Bg4 29. Qxg4 Qxg4 30. hxg4 Re8 31. Rf5 Re5 32. Rxe5 Bxe5 33. g5 a5 34. Re1 Kf8 35. Kg2 a4 36. Kf3 a3 37. Rb1 Bb2 38. Rh1 Kg8 39. Re1 h6 40. Re8+ Kh7 41. Kg4 b3 42. Kf5 bxa2 43. Re7 Bxf6 44. Rxf7+ Bg7 45. g6+ Kg8 0-1

[Event "SRB-chT 1st League"]
[Site "Kragujevac"]
[Date "2016.09.14"]
[Round "6.6"]
[White "Jovanovic, Sasa M"]
[Black "Djordjevic, Vuk D"]
[Result "0-1"]
[WhiteElo "2244"]
[BlackElo "2416"]
[PlyCount "56"]
[EventDate "2016.09.10"]
[EventType "team-tourn"]
[EventRounds "11"]
[EventCountry "SRB"]
[SourceTitle "CBM 174 Extra"]
[Source "ChessBase"]
[SourceDate "2016.10.10"]
[SourceVersion "1"]
[SourceVersionDate "2016.10.10"]
[SourceQuality "1"]
[WhiteTeam "Arandjelovac"]
[BlackTeam "Paracin"]
[WhiteTeamCountry "SRB"]
[BlackTeamCountry "SRB"]

1. Nf3 d5 2. g3 c5 3. c4 d4 4. b4 Nd7 5. Qa4 Qc7 6. d3 e5 7. Bg2 Ngf6 8. 0-0 Be7 9. bxc5 Bxc5 10. e3 dxe3 11. fxe3 Qb6 12. Nc3 Bxe3+ 13. Kh1 Bxc1 14. Raxc1 0-0 15. Rce1 Qd6 16. Qc2 h6 17. Nh4 Nc5 18. Nd5 Nxd5 19. Bxd5 Be6 20. Bxe6 fxe6 21. Rxf8+ Rxf8 22. Ng6 Nxd3 23. Nxf8 Nxe1 24. Qe2 Qc6+ 25. Kg1 Nf3+ 26. Kf2 Nd4 27. Qxe5 Qf3+ 28. Ke1 Qd3 0-1

[Event "SRB-chT 1st League"]
[Site "Kragujevac"]
[Date "2016.09.14"]
[Round "7.1"]
[White "Jovanovic, Sasa M"]
[Black "Zlatanovic, Boroljub"]
[Result "0-1"]
[WhiteElo "2244"]
[BlackElo "2392"]
[PlyCount "74"]
[EventDate "2016.09.10"]
[EventType "team-tourn"]
[EventRounds "11"]
[EventCountry "SRB"]
[SourceTitle "CBM 174 Extra"]
[Source "ChessBase"]
[SourceDate "2016.10.10"]
[SourceVersion "1"]
[SourceVersionDate "2016.10.10"]
[SourceQuality "1"]
[WhiteTeam "Arandjelovac"]
[BlackTeam "Kragujevac Radnicki"]
[WhiteTeamCountry "SRB"]
[BlackTeamCountry "SRB"]

1. Nf3 Nf6 2. g3 g6 3. b3 Bg7 4. Bb2 0-0 5. Bg2 d6 6. 0-0 e5 7. d3 Nc6 8. Nbd2 h6 9. Rb1 Be6 10. c4 Qd7 11. Re1 Bh3 12. Bh1 Ng4 13. b4 f5 14. c5 d5 15. b5 Ne7 16. c6 bxc6 17. bxc6 Qxc6 18. Ba3 Rf7 19. Bxe7 Rxe7 20. Qb3 Rd8 21. Qa3 Qd6 22. Qxd6 Rxd6 23. e3 e4 24. Nd4 Ne5 25. Rec1 Nxd3 26. Rc6 Bxd4 27. Rxd6 cxd6 28. exd4 Rc7 29. Bg2 Bxg2 30. Kxg2 Rc2 31. Rb8+ Kf7 32. Nf1 Rxf2+ 33. Kg1 Re2 34. Rb7+ Kf6 35. Rxa7 Ne1 36. a4 Nf3+ 37. Kh1 Rf2 0-1

[Event "SRB-chT 1st League"]
[Site "Kragujevac"]
[Date "2016.09.12"]
[Round "4.5"]
[White "Radusinovic, Lazar"]
[Black "Jovanovic, Sasa M"]
[Result "1-0"]
[WhiteElo "2349"]
[BlackElo "2244"]
[PlyCount "73"]
[EventDate "2016.09.10"]
[EventType "team-tourn"]
[EventRounds "11"]
[EventCountry "SRB"]
[SourceTitle "CBM 174 Extra"]
[Source "ChessBase"]
[SourceDate "2016.10.10"]
[SourceVersion "1"]
[SourceVersionDate "2016.10.10"]
[SourceQuality "1"]
[WhiteTeam "Despotovac Sloga"]
[BlackTeam "Arandjelovac"]
[WhiteTeamCountry "SRB"]
[BlackTeamCountry "SRB"]

1. d4 Nf6 2. Nf3 c5 3. g3 cxd4 4. Nxd4 d5 5. Bg2 e5 6. Nb3 Be7 7. 0-0 h6 8. c4 dxc4 9. Qxd8+ Bxd8 10. N3d2 Nc6 11. Nxc4 Bc7 12. Nc3 Be6 13. b3 0-0-0 14. Ba3 Bd5 15. Nb5 Bxg2 16. Kxg2 Ne4 17. Rfc1 Rd7 18. Nxc7 Kxc7 19. Nxe5 Rd2 20. Kf1 Re8 21. Nf3 Rd5 22. Kg2 g5 23. h3 h5 24. Bb2 g4 25. hxg4 hxg4 26. Nd4 Nc5 27. Nxc6 bxc6 28. Rc2 Re6 29. Rh1 Ne4 30. Bc1 f5 31. Rh7+ Rd7 32. Bf4+ Kd8 33. Rh5 Rd5 34. Rh8+ Kd7 35. Rh7+ Re7 36. Rxe7+ Kxe7 37. Rxc6 1-0

[Event "Belgrade-chT"]
[Site "Belgrade"]
[Date "2014.10.26"]
[Round "8"]
[White "Becelic, Dejan"]
[Black "Jovanovic, Sasa M"]
[Result "0-1"]
[WhiteElo "2124"]
[BlackElo "2280"]
[PlyCount "96"]
[EventDate "2014.10.04"]
[EventType "team-tourn"]
[EventRounds "13"]
[EventCountry "SRB"]
[SourceTitle "EXT 2015"]
[Source "ChessBase"]
[SourceDate "2014.11.20"]
[SourceVersion "1"]
[SourceVersionDate "2014.11.20"]
[SourceQuality "1"]

1. c4 e5 2. g3 Nc6 3. Bg2 d6 4. Nc3 Be6 5. d3 Qd7 6. Rb1 Nf6 7. Bg5 Be7 8. b4 0-0 9. b5 Nd8 10. Bxf6 Bxf6 11. Nd5 Bg5 12. Nf3 Bh6 13. h4 c6 14. bxc6 bxc6 15. Nc3 f6 16. Qa4 Nb7 17. Qa3 Nc5 18. Na4 Rab8 19. 0-0 Nxa4 20. Qxa4 d5 21. Rfd1 Rxb1 22. Rxb1 dxc4 23. dxc4 Rd8 24. Qa6 e4 25. Nh2 f5 26. Nf1 Qd4 27. Qxc6 Qxc4 28. Qxc4 Bxc4 29. e3 a6 30. Rb6 Rd1 31. a4 Ra1 32. Bh3 Kf7 33. Rc6 Bd3 34. Rc5 Ke6 35. Ra5 g6 36. Rc5 Bf8 37. Rc8 Be7 38. h5 gxh5 39. Rh8 Rxa4 40. Nd2 Ra1+ 41. Kh2 Ra2 42. Nb3 Bf6 43. Rxh7 Rxf2+ 44. Kg1 Rf3 45. Rxh5 Rxg3+ 46. Kf2 Rf3+ 47. Kg2 Bf1+ 48. Kh2 Be5+ 0-1

[Event "Belgrade-chT"]
[Site "Belgrade"]
[Date "2012.10.02"]
[Round "2.5"]
[White "Djerfi, Karolj"]
[Black "Jovanovic, Sasa M"]
[Result "1/2-1/2"]
[WhiteElo "2353"]
[BlackElo "2285"]
[PlyCount "20"]
[EventDate "2012.10.01"]
[EventType "team-tourn"]
[EventRounds "11"]
[EventCountry "SRB"]
[SourceTitle "CBM 150 Extra"]
[Source "ChessBase"]
[SourceDate "2012.10.19"]
[SourceVersion "1"]
[SourceVersionDate "2012.10.19"]
[SourceQuality "1"]
[WhiteTeam "Belgrade Post Stedionica"]
[BlackTeam "Mladenovac"]
[WhiteTeamCountry "SRB"]
[BlackTeamCountry "SRB"]

1. d4 c5 2. d5 Nf6 3. Nc3 Qa5 4. e3 Ne4 5. Qd3 Nxc3 6. Bd2 b5 7. Qxc3 b4 8. Qb3 Ba6 9. Bc4 e6 10. e4 Be7 1/2-1/2

[Event "Belgrade tt Cup"]
[Site "Belgrade"]
[Date "2012.04.21"]
[Round "4.5"]
[White "Jovanovic, Sasa M"]
[Black "Indjic, Aleksandar"]
[Result "0-1"]
[WhiteElo "2290"]
[BlackElo "2430"]
[PlyCount "74"]
[EventDate "2012.04.18"]
[EventType "team-swiss"]
[EventRounds "5"]
[EventCountry "SRB"]
[SourceTitle "CBM 148 Extra"]
[Source "ChessBase"]
[SourceDate "2012.06.22"]
[SourceVersion "1"]
[SourceVersionDate "2012.06.22"]
[SourceQuality "1"]
[WhiteTeam "Mladenovac"]
[BlackTeam "Itaka"]
[WhiteTeamCountry "SRB"]
[BlackTeamCountry "SRB"]

1. Nf3 g6 2. e4 Bg7 3. d4 d6 4. Nc3 a6 5. a4 Bg4 6. Bc4 e6 7. Be3 Nc6 8. d5 Ne5 9. dxe6 fxe6 10. Be2 Bxf3 11. gxf3 Nf6 12. f4 Nc6 13. f5 Qd7 14. fxe6 Qxe6 15. Nd5 0-0-0 16. Nxf6 Qxf6 17. Qd5 Nd4 18. Bg4+ Kb8 19. Bxd4 Qxd4 20. Qxd4 Bxd4 21. c3 Be5 22. h4 Rdf8 23. h5 gxh5 24. Rxh5 Rhg8 25. f3 Rxf3 26. Bxf3 Rg1+ 27. Kd2 Rxa1 28. Rxh7 Rxa4 29. Rf7 Ra1 30. Bd1 a5 31. Kc2 a4 32. Rf3 Ka7 33. Rf1 a3 34. bxa3 Rxa3 35. Rf3 d5 36. Be2 Ra2+ 37. Kd1 Kb6 0-1

[Event "Belgrade-chT"]
[Site "Belgrade"]
[Date "2011.10.11"]
[Round "10.4"]
[White "Jovanovic, Sasa M"]
[Black "Tosic, Srecko"]
[Result "0-1"]
[WhiteElo "2266"]
[BlackElo "2338"]
[PlyCount "106"]
[EventDate "2011.10.01"]
[EventType "team-tourn"]
[EventRounds "11"]
[EventCountry "SRB"]
[SourceTitle "CBM 144 Extra"]
[Source "ChessBase"]
[SourceDate "2011.10.28"]
[SourceVersion "1"]
[SourceVersionDate "2011.10.28"]
[SourceQuality "1"]
[WhiteTeam "Mladenovac"]
[BlackTeam "Bogoslov"]
[WhiteTeamCountry "YUG"]
[BlackTeamCountry "YUG"]

1. Nf3 d5 2. g3 Bg4 3. Ne5 Bf5 4. Bg2 f6 5. e4 dxe4 6. Nc4 e5 7. Nc3 Nh6 8. Nxe4 Bg4 9. Bf3 Bxf3 10. Qxf3 Nc6 11. d3 Nf7 12. 0-0 Be7 13. Be3 0-0 14. Nc5 Bxc5 15. Bxc5 Ng5 16. Qg2 Re8 17. f4 exf4 18. gxf4 Ne6 19. Be3 Ned4 20. f5 Qd7 21. Bxd4 Qxd4+ 22. Kh1 Re7 23. Rf3 Qd7 24. c3 Rae8 25. Raf1 Re2 26. R1f2 Re1+ 27. Rf1 Qd5 28. Nd2 R8e2 29. R3f2 Qxd3 30. Rxe1 Rxe1+ 31. Nf1 Ne7 32. Qf3 Qxf3+ 33. Rxf3 Kf7 34. b3 Nc6 35. Kg1 Ne5 36. Rf2 Rc1 37. c4 a5 38. Kg2 a4 39. Nd2 Nd3 40. Rf1 Rc2 41. Kf3 Rxd2 42. Ke3 Rxa2 43. Kxd3 axb3 44. Kc3 Rxh2 45. Kxb3 g5 46. Rd1 Re2 47. Rd8 g4 48. Kb4 Re7 49. c5 Kg7 50. Kb5 h5 51. Rb8 g3 52. Ra8 g2 53. Ra1 h4 0-1

[Event "SRB-chT"]
[Site "Belgrade"]
[Date "2010.10.02"]
[Round "2"]
[White "Ninov, Nikolai"]
[Black "Jovanovic, Sasa M"]
[Result "1-0"]
[WhiteElo "2519"]
[BlackElo "2278"]
[PlyCount "51"]
[EventDate "2010.10.01"]
[EventType "team-tourn"]
[EventRounds "11"]
[EventCountry "YUG"]
[SourceTitle "CBM 138 Extra"]
[Source "ChessBase"]
[SourceDate "2010.10.29"]
[SourceVersion "1"]
[SourceVersionDate "2010.10.29"]
[SourceQuality "1"]

1. e4 d5 2. exd5 Nf6 3. d4 Qxd5 4. Nc3 Qa5 5. Bd2 c6 6. Nf3 Bg4 7. h3 Qh5 8. hxg4 Qxh1 9. Ne2 Ne4 10. Be3 h5 11. g5 h4 12. Nf4 h3 13. Nxh3 Nd7 14. Qe2 0-0-0 15. 0-0-0 e6 16. Bf4 f5 17. gxf6 Ndxf6 18. Ne5 g5 19. Nxg5 Rh4 20. g3 Nxg5 21. gxh4 Qxh4 22. Ng6 Qh6 23. Qe5 Bd6 24. Bxg5 Bxe5 25. Bxh6 Bxd4 26. c3 1-0

[Event "SRB-chT 1st League"]
[Site "Kragujevac"]
[Date "2009.09.12"]
[Round "11"]
[White "Perunovic, Milos"]
[Black "Jovanovic, Sasa M"]
[Result "1-0"]
[WhiteElo "2572"]
[BlackElo "2293"]
[PlyCount "45"]
[EventDate "2009.09.01"]
[EventType "tourn"]
[EventRounds "11"]
[EventCountry "YUG"]
[SourceTitle "CBM 132 Extra"]
[Source "ChessBase"]
[SourceDate "2009.11.03"]
[SourceVersion "1"]
[SourceVersionDate "2009.11.03"]
[SourceQuality "1"]

1. e4 c6 2. d4 d5 3. e5 c5 4. dxc5 e6 5. Nf3 Nc6 6. Bd3 Bxc5 7. 0-0 Nge7 8. Bf4 Qb6 9. Nc3 Ng6 10. Bg3 a6 11. Na4 Qa7 12. Nxc5 Qxc5 13. c3 Bd7 14. Qd2 a5 15. h4 h6 16. Rfe1 0-0-0 17. Rab1 a4 18. b4 Qb6 19. Qc2 Nge7 20. b5 Na5 21. Qxa4 Kb8 22. Bf4 Nc8 23. Qb4 1-0

[Event "SRB-chT 1st League"]
[Site "Kragujevac"]
[Date "2009.09.11"]
[Round "10"]
[White "Jovanovic, Sasa M"]
[Black "Predojevic, Borki"]
[Result "0-1"]
[WhiteElo "2293"]
[BlackElo "2654"]
[PlyCount "80"]
[EventDate "2009.09.01"]
[EventType "tourn"]
[EventRounds "11"]
[EventCountry "YUG"]
[SourceTitle "CBM 132 Extra"]
[Source "ChessBase"]
[SourceDate "2009.11.03"]
[SourceVersion "1"]
[SourceVersionDate "2009.11.03"]
[SourceQuality "1"]

1. Nf3 d5 2. g3 g6 3. Bg2 Bg7 4. 0-0 e5 5. c4 c6 6. cxd5 cxd5 7. d4 e4 8. Ne1 Ne7 9. Nc3 Nbc6 10. Nc2 0-0 11. b3 Be6 12. Ba3 Qd7 13. Rc1 Rfd8 14. Qd2 h5 15. Rfd1 h4 16. Qf4 Nf5 17. g4 Nfxd4 18. Nxd4 Nxd4 19. Bc5 Nb5 20. Nxe4 b6 21. a4 bxc5 22. axb5 Qxb5 23. Nxc5 Qxe2 24. Re1 Qxg4 25. Nxe6 Qxf4 26. Nxf4 Bh6 27. Nxd5 Bxc1 28. Rxc1 Kf8 29. Rc7 Rac8 30. h3 Rxc7 31. Nxc7 a5 32. Nb5 Rd3 33. Bf1 Rxb3 34. Nd6 a4 35. Bc4 Rc3 36. Ba2 Rc2 37. Bxf7 Rd2 38. Ne4 Rd1+ 39. Kg2 Kxf7 40. Kf3 a3 0-1

[Event "SRB-chT 1st League"]
[Site "Kragujevac"]
[Date "2009.09.10"]
[Round "9"]
[White "Ivanisevic, Ivan"]
[Black "Jovanovic, Sasa M"]
[Result "1-0"]
[WhiteElo "2614"]
[BlackElo "2293"]
[PlyCount "35"]
[EventDate "2009.09.01"]
[EventType "tourn"]
[EventRounds "11"]
[EventCountry "YUG"]
[SourceTitle "CBM 132 Extra"]
[Source "ChessBase"]
[SourceDate "2009.11.03"]
[SourceVersion "1"]
[SourceVersionDate "2009.11.03"]
[SourceQuality "1"]

1. d4 Nf6 2. c4 c5 3. d5 b5 4. Nd2 Qa5 5. Ngf3 bxc4 6. e4 Nxe4 7. Bxc4 Nd6 8. 0-0 Ba6 9. b3 Bxc4 10. bxc4 f6 11. Re1 Nf7 12. Ne4 d6 13. Bf4 Qc7 14. Rb1 Nd7 15. Qa4 h6 16. Nh4 g5 17. Nf5 gxf4 18. Rb7 1-0

[Event "SRB-chT 1st League"]
[Site "Kragujevac"]
[Date "2009.09.03"]
[Round "3"]
[White "Solak, Dragan"]
[Black "Jovanovic, Sasa M"]
[Result "1-0"]
[WhiteElo "2583"]
[BlackElo "2293"]
[PlyCount "73"]
[EventDate "2009.09.01"]
[EventType "tourn"]
[EventRounds "11"]
[EventCountry "YUG"]
[SourceTitle "CBM 132 Extra"]
[Source "ChessBase"]
[SourceDate "2009.11.03"]
[SourceVersion "1"]
[SourceVersionDate "2009.11.03"]
[SourceQuality "1"]

1. e4 c6 2. d4 d5 3. Nd2 dxe4 4. Nxe4 Nf6 5. Nxf6+ gxf6 6. c3 Bf5 7. Nf3 Qd5 8. Be3 Rg8 9. g3 Be4 10. Be2 Na6 11. 0-0 Qf5 12. Ne1 Nc7 13. f3 Bd5 14. c4 Be6 15. Ng2 0-0-0 16. Bd3 Qh5 17. Qd2 f5 18. Rac1 a6 19. d5 Bxd5 20. cxd5 Nxd5 21. Nf4 Qh4 22. Bxf5+ e6 23. Nxd5 exf5 24. Nb6+ Kc7 25. Qg2 Qb4 26. Nc4 Bc5 27. Qf2 Rd5 28. a3 Qb5 29. b4 Be7 30. Bf4+ Kd8 31. Qb6+ Qxb6+ 32. Nxb6 Rd4 33. Be5 Rd3 34. Rfd1 Rxd1+ 35. Rxd1+ Ke8 36. Rd7 Bd8 37. Rxb7 1-0

[Event "Belgrade CupT final"]
[Site "Belgrade"]
[Date "2008.04.10"]
[Round "2"]
[White "Starcevic, Goran"]
[Black "Jovanovic, Sasa M"]
[Result "0-1"]
[WhiteElo "2228"]
[BlackElo "2312"]
[PlyCount "110"]
[EventDate "2008.04.09"]
[EventType "team-swiss"]
[EventRounds "5"]
[EventCountry "SRB"]
[SourceTitle "EXT 2023"]
[Source "ChessBase"]
[SourceDate "2022.10.05"]
[SourceVersion "1"]
[SourceVersionDate "2022.10.05"]
[SourceQuality "1"]

1. e4 c6 2. Nc3 d5 3. Nf3 dxe4 4. Nxe4 Nf6 5. Nxf6+ gxf6 6. d4 Bg4 7. c3 Qc7 8. h3 Bh5 9. Be2 Nd7 10. Nh4 Bg6 11. 0-0 0-0-0 12. Bd2 e6 13. c4 f5 14. Qa4 Kb8 15. Ba5 Nb6 16. Qc2 Rxd4 17. Nf3 Re4 18. Bd3 Qe7 19. Bc3 Rg8 20. Rad1 Bg7 21. Bxg7 Rxg7 22. Qc3 f6 23. Bxe4 fxe4 24. Nh2 e5 25. b3 f5 26. Rd2 h5 27. Rfd1 f4 28. Rd8+ Nc8 29. R1d7 Qf6 30. Qb4 Rxd7 31. Rxd7 b6 32. c5 Bf5 33. Rd1 Qg5 34. cxb6 axb6 35. Kh1 Qh4 36. Qc3 Qf6 37. Rc1 Ne7 38. a4 Kb7 39. a5 Nd5 40. a6+ Kxa6 41. Qxc6 Qxc6 42. Rxc6 Kb5 43. Rh6 Kb4 44. Rxh5 Ne7 45. Ng4 Kxb3 46. Nxe5 Kc3 47. Rh6 b5 48. Nc6 e3 49. fxe3 fxe3 50. Kg1 e2 51. Kf2 Kd2 52. Rd6+ Bd3 53. Rxd3+ Kxd3 54. Ne5+ Kd2 55. Nf3+ Kd1 0-1